[Event "27th Klatovy B 2019"]
[Site "Klatovy CZE"]
[Date "2019.07.05"]
[Round "7.12"]
[White "Langmajer, Jan"]
[Black "Lener, Jaroslav 1975"]
[Result "0-1"]
[WhiteElo "1514"]
[BlackElo "1754"]
[PlyCount "58"]
[EventDate "2019.06.29"]
[EventType "swiss"]
[EventRounds "9"]
[EventCountry "CZE"]

1. e4 c5 2. Nf3 Nc6 3. d4 cxd4 4. Nxd4 d6 5. Nc3 Nf6 6. h3 Bd7 7. Be3 a6 8. g4 Nxd4 9. Bxd4 e5 10. Be3 Bc6 11. Bg2 h6 12. O-O g5 13. Nd5 Nxd5 14. exd5 Bb5 15. Re1 Bg7 16. Be4 Bd7 17. Qd2 Qc8 18. Qb4 Bxg4 19. hxg4 Qxg4+ 20. Kf1 f5 21. Qxb7 O-O 22. Bxf5 Qxf5 23. Ke2 Qxc2+ 24. Bd2 Qc4+ 25. Kd1 Rab8 26. Qc6 Qg4+ 27. Re2 Rxf2 28. Qxa6 Rf1+ 29. Be1 Rxb2 0-1

[Event "27th Klatovy B 2019"]
[Site "Klatovy CZE"]
[Date "2019.07.05"]
[Round "7.13"]
[White "Soucek, Jan"]
[Black "Dubnicka, Augustin 2000"]
[Result "1-0"]
[WhiteElo "1543"]
[BlackElo "1754"]
[PlyCount "76"]
[EventDate "2019.06.29"]
[EventType "swiss"]
[EventRounds "9"]
[EventCountry "CZE"]

1. e4 c5 2. Nf3 Nc6 3. d4 cxd4 4. Nxd4 d6 5. Nc3 g6 6. Be3 Bg7 7. Qd2 a6 8. f3 h5 9. O-O-O Bd7 10. Bc4 Rc8 11. Bb3 Na5 12. h3 Nxb3+ 13. Nxb3 Nf6 14. g4 Bc6 15. Bd4 Kf8 16. Rhf1 b5 17. g5 Nd7 18. f4 Rg8 19. Bxg7+ Rxg7 20. e5 dxe5 21. fxe5 Qb6 22. Nd5 Bxd5 23. Qxd5 Qc7 24. Nd4 Kg8 25. e6 fxe6 26. Qxe6+ Kh8 27. Rf2 Nc5 28. Qd5 e5 29. Ne6 Nxe6 30. Qxe6 Kh7 31. Rdf1 Qc5 32. c3 Rcc7 33. Rf8 Rc6 34. Qe8 Qe3+ 35. Kb1 Qd3+ 36. Ka1 Qxf1+ 37. Rxf1 Rd6 38. a3 Rgd7 1-0

[Event "27th Klatovy B 2019"]
[Site "Klatovy CZE"]
[Date "2019.07.05"]
[Round "7.14"]
[White "Blazek, Pavel 1974"]
[Black "Skuthan, Radek"]
[Result "1-0"]
[WhiteElo "1745"]
[BlackElo "1702"]
[PlyCount "152"]
[EventDate "2019.06.29"]
[EventType "swiss"]
[EventRounds "9"]
[EventCountry "CZE"]

1. Nf3 c5 2. g3 d5 3. Bg2 Nc6 4. d4 Bg4 5. Ne5 Nxe5 6. dxe5 e6 7. O-O Ne7 8. c4 Qc7 9. cxd5 exd5 10. h3 Be6 11. f4 h5 12. Nc3 a6 13. Qa4+ Bd7 14. Qb3 c4 15. Qc2 Rd8 16. Kh2 Qc8 17. h4 Be6 18. Rd1 b5 19. Be3 Rh6 20. Rd2 Nf5 21. Bf2 Bc5 22. Bxc5 Qxc5 23. Nxd5 Rg6 24. Rad1 Qf2 25. Nf6+ gxf6 26. Rxd8+ Ke7 27. exf6+ Rxf6 28. Qc3 a5 29. Qf3 Qxf3 30. Bxf3 Rg6 31. Ra8 Ne3 32. Rg1 Ng4+ 33. Bxg4 Bxg4 34. Rxa5 b4 35. e4 Rd6 36. Ra7+ Ke8 37. e5 Rd2+ 38. Rg2 c3 39. bxc3 bxc3 40. Rc7 Rd3 41. Rf2 Rd2 42. Kg1 Rd1+ 43. Kg2 Rd3 44. Kh2 Rd2 45. Kg2 Rd3 46. a4 Be6 47. Kh2 Rd2 48. Kg1 Rd3 49. a5 Kd8 50. Rc6 Bd5 51. Rc5 Rd1+ 52. Rf1 Rd3 53. Rc1 Rxg3+ 54. Kf2 Rf3+ 55. Ke2 Bb7 56. R1xc3 Rxf4 57. Rd3+ Ke8 58. Rh3 Kd7 59. Ke3 Re4+ 60. Kd3 Ke6 61. a6 Ba8 62. Rc8 Bd5 63. a7 Ra4 64. Rc3 Rxa7 65. Ke3 Kxe5 66. Rg3 f6 67. Kf2 Ra2+ 68. Ke1 Ra4 69. Rh3 Rg4 70. Ke2 f5 71. Rce3+ Kf6 72. Ra3 f4 73. Ra5 Bc6 74. Ra6 Kf5 75. Rxc6 Rg3 76. Rxg3 fxg3 1-0

[Event "27th Klatovy B 2019"]
[Site "Klatovy CZE"]
[Date "2019.07.05"]
[Round "7.15"]
[White "Sedlak, Jakub"]
[Black "Day, Tobias"]
[Result "1-0"]
[WhiteElo "1737"]
[BlackElo "1680"]
[PlyCount "89"]
[EventDate "2019.06.29"]
[EventType "swiss"]
[EventRounds "9"]
[EventCountry "CZE"]

1. d4 f5 2. Bf4 Nf6 3. e3 g6 4. Nf3 Bg7 5. c4 d6 6. Be2 O-O 7. O-O Qe8 8. Nc3 c6 9. Qc2 Nbd7 10. d5 Nc5 11. Rfd1 h6 12. h4 Kh7 13. Rab1 a5 14. Nd4 Na6 15. Bf3 Qf7 16. Bg3 c5 17. Ndb5 g5 18. Na4 Nd7 19. a3 Qg6 20. hxg5 hxg5 21. Nbc3 g4 22. Be2 Be5 23. Bd3 Kg7 24. Ne2 Bxg3 25. fxg3 e5 26. dxe6 Qxe6 27. Qc3+ Kg8 28. Bc2 Ne5 29. Nf4 Qf6 30. Nb6 Rb8 31. Nbd5 Qg5 32. Kf2 Rf7 33. Rh1 Bd7 34. Rh5 Qg7 35. Rbh1 Re8 36. Nb6 Be6 37. Nxe6 Rxe6 38. Nd5 Nc7 39. Nxc7 Rxc7 40. Bxf5 Rf6 41. Kg1 Ng6 42. Qd3 Ne5 43. Qd5+ Nf7 44. Rh7 Qg5 45. Rh8+ 1-0

[Event "27th Klatovy B 2019"]
[Site "Klatovy CZE"]
[Date "2019.07.05"]
[Round "7.16"]
[White "Kovar, Vaclav 1953"]
[Black "Zemanova, Nikola"]
[Result "0-1"]
[WhiteElo "1646"]
[BlackElo "1403"]
[PlyCount "68"]
[EventDate "2019.06.29"]
[EventType "swiss"]
[EventRounds "9"]
[EventCountry "CZE"]

1. d4 d5 2. c4 e6 3. Nc3 Nf6 4. Nf3 Nbd7 5. Bg5 Be7 6. e3 O-O 7. Rc1 b6 8. Be2 Bb7 9. O-O c5 10. dxc5 Bxc5 11. Nd4 Rc8 12. Bf3 Bxd4 13. exd4 Rxc4 14. Nb5 Rxc1 15. Bxc1 Qb8 16. g3 Bc6 17. Nc3 Rc8 18. Bf4 Qb7 19. Be2 b5 20. Qb3 a6 21. Rc1 Nb6 22. h4 Nc4 23. f3 Nh5 24. Qc2 Nxf4 25. gxf4 Qb6 26. Qd3 Nxb2 27. Qd2 Nc4 28. Qd3 Qc7 29. f5 Qg3+ 30. Kf1 Qh3+ 31. Kg1 Qxf5 32. Qd1 Qf4 33. Bxc4 dxc4 34. Kg2 Bxf3+ 0-1

[Event "27th Klatovy B 2019"]
[Site "Klatovy CZE"]
[Date "2019.07.05"]
[Round "7.17"]
[White "Berka, Lubos"]
[Black "Boucek, Vlastimil 1968"]
[Result "0-1"]
[WhiteElo "1733"]
[BlackElo "1629"]
[PlyCount "92"]
[EventDate "2019.06.29"]
[EventType "swiss"]
[EventRounds "9"]
[EventCountry "CZE"]

1. Nf3 f5 2. d4 g6 3. b3 Nf6 4. Bb2 Bg7 5. c4 O-O 6. e3 d6 7. Nc3 c6 8. Bd3 Qa5 9. O-O e5 10. dxe5 dxe5 11. Be2 e4 12. Ng5 h6 13. Nh3 Rd8 14. Qc2 Be6 15. Rad1 Na6 16. a3 Qc7 17. Rxd8+ Rxd8 18. Rd1 Rxd1+ 19. Qxd1 Qd7 20. Qxd7 Nxd7 21. Nf4 Bf7 22. g4 Ne5 23. gxf5 gxf5 24. Nh5 Bh8 25. Ng3 Be6 26. Nb1 Nc5 27. b4 Ncd3 28. Bd4 Nxc4 29. Bxh8 Kxh8 30. Kf1 Kg7 31. Bxd3 exd3 32. Nh5+ Kf7 33. Nf4 Ne5 34. Nxe6 Kxe6 35. Nd2 Kd5 36. Ke1 b6 37. h3 a6 38. f4 Nc4 39. Nxc4 Kxc4 40. Kd2 h5 41. h4 c5 42. bxc5 bxc5 43. Kc1 Kd5 44. Kd1 Ke4 45. Kd2 c4 46. a4 a5 0-1

[Event "27th Klatovy B 2019"]
[Site "Klatovy CZE"]
[Date "2019.07.05"]
[Round "7.18"]
[White "Durchan, Milan 1961"]
[Black "Krisman, Ondrej"]
[Result "1-0"]
[WhiteElo "1713"]
[BlackElo "1546"]
[PlyCount "93"]
[EventDate "2019.06.29"]
[EventType "swiss"]
[EventRounds "9"]
[EventCountry "CZE"]

1. e4 c5 2. Nc3 Nc6 3. f4 d6 4. Nf3 Bg4 5. h3 Bxf3 6. Qxf3 Nd4 7. Qd1 a6 8. Bd3 e6 9. O-O b5 10. b3 g6 11. Ne2 Bg7 12. c3 Nxe2+ 13. Qxe2 Nf6 14. f5 O-O 15. a4 Nh5 16. Rf3 b4 17. Bb2 a5 18. g4 Qg5 19. Qe3 Qxe3+ 20. Rxe3 Nf4 21. Bb5 Rad8 22. Rf1 g5 23. Bc1 d5 24. e5 d4 25. cxd4 cxd4 26. Re4 Nxh3+ 27. Kh2 Nf4 28. f6 Bh8 29. d3 Rc8 30. Bc4 Rfd8 31. Bxf4 gxf4 32. Rfxf4 h6 33. Rxd4 Rxd4 34. Rxd4 Kh7 35. Kg3 Kg6 36. Kf4 Bxf6 37. exf6 Kxf6 38. Rd7 e5+ 39. Kf3 Rc5 40. Rxf7+ Kg6 41. Re7 Kf6 42. Rd7 Kg5 43. Rd5 Rxd5 44. Bxd5 Kf6 45. Ke4 Kg5 46. Be6 Kf6 47. Bc8 1-0

[Event "27th Klatovy B 2019"]
[Site "Klatovy CZE"]
[Date "2019.07.05"]
[Round "7.19"]
[White "Zednik, Zdenek"]
[Black "Zelba, Lukas"]
[Result "0-1"]
[WhiteElo "1879"]
[BlackElo "1274"]
[PlyCount "106"]
[EventDate "2019.06.29"]
[EventType "swiss"]
[EventRounds "9"]
[EventCountry "CZE"]

1. d4 Nf6 2. c4 g6 3. Nc3 d5 4. cxd5 Nxd5 5. Nf3 Bg7 6. e3 O-O 7. Bd2 c5 8. Bc4 Nb6 9. Be2 cxd4 10. exd4 Nc6 11. Be3 Nd5 12. Nxd5 Qxd5 13. Qa4 Bd7 14. Qc4 Qxc4 15. Bxc4 Bg4 16. Bd5 Bxf3 17. Bxf3 Nxd4 18. Be4 Rad8 19. O-O-O Rd7 20. Rd2 Rfd8 21. Rhd1 e5 22. f3 b6 23. Kb1 h5 24. b3 Kh7 25. Bg5 f6 26. Bh4 Kh6 27. Rc1 g5 28. Be1 f5 29. Bd3 Rd6 30. Bf1 g4 31. fxg4 hxg4 32. Bh4 Bf6 33. Bxf6 Rxf6 34. Rc7 a5 35. Rd1 Rfd6 36. Re7 e4 37. Rc1 Kg6 38. Rcc7 Ne6 39. Rb7 Rd1+ 40. Kb2 Rxf1 41. Rxe6+ Kg5 42. g3 Rg8 43. Rbxb6 Rf2+ 44. Ka3 Rxh2 45. Rb5 Rg2 46. Rxe4 Rxg3 47. Rxa5 Rf3 48. Re1 g3 49. Ra7 g2 50. Rg1 Kf4 51. Rc7 Rf1 52. Rc1 Rxg1 53. Rxg1 Kg3 0-1

[Event "27th Klatovy B 2019"]
[Site "Klatovy CZE"]
[Date "2019.07.05"]
[Round "7.20"]
[White "Simacek, Vaclav"]
[Black "Veverka, Vladimir"]
[Result "1-0"]
[WhiteElo "1809"]
[BlackElo "1439"]
[PlyCount "59"]
[EventDate "2019.06.29"]
[EventType "swiss"]
[EventRounds "9"]
[EventCountry "CZE"]

1. e4 e6 2. d4 d5 3. Nc3 Nf6 4. Bg5 Be7 5. e5 Nfd7 6. h4 h6 7. Be3 a6 8. Qg4 Kf8 9. O-O-O c5 10. f4 h5 11. Qg3 g6 12. Nf3 c4 13. Ng5 Bxg5 14. hxg5 Kg7 15. Qf2 b5 16. g4 hxg4 17. Bg2 Bb7 18. Rxh8 Qxh8 19. Rh1 Qd8 20. Qh4 Kf8 21. Qxg4 Qa5 22. Nxd5 Bxd5 23. Bxd5 exd5 24. Bd2 b4 25. e6 c3 26. Rh8+ Ke7 27. exd7 Nxd7 28. Qe2+ Kd6 29. Rxa8 cxd2+ 30. Kd1 1-0

[Event "27th Klatovy B 2019"]
[Site "Klatovy CZE"]
[Date "2019.07.05"]
[Round "7.21"]
[White "Privoznik, Lubos"]
[Black "Perik, Alois"]
[Result "1-0"]
[WhiteElo "1610"]
[BlackElo "1809"]
[PlyCount "41"]
[EventDate "2019.06.29"]
[EventType "swiss"]
[EventRounds "9"]
[EventCountry "CZE"]

1. e4 c6 2. d4 d5 3. f3 dxe4 4. fxe4 e5 5. Nf3 Bg4 6. Bc4 f6 7. c3 Qb6 8. Qb3 Qxb3 9. Bxb3 Nd7 10. Be3 Bd6 11. Nbd2 Ne7 12. h3 Bxf3 13. Nxf3 Rf8 14. Be6 exd4 15. cxd4 Bg3+ 16. Ke2 O-O-O 17. Rad1 Kb8 18. Rd3 h6 19. Nd2 Ng6 20. Rf1 Nb6 21. Bxh6 1-0

[Event "27th Klatovy B 2019"]
[Site "Klatovy CZE"]
[Date "2019.07.05"]
[Round "7.22"]
[White "Novotny, Jaromir"]
[Black "Kotal, Vit"]
[Result "1/2-1/2"]
[WhiteElo "1796"]
[BlackElo "1556"]
[PlyCount "50"]
[EventDate "2019.06.29"]
[EventType "swiss"]
[EventRounds "9"]
[EventCountry "CZE"]

1. b3 e5 2. Bb2 Nc6 3. e3 d5 4. Bb5 Bd6 5. f4 Qe7 6. Nf3 Bg4 7. h3 Bxf3 8. Qxf3 Nf6 9. O-O h5 10. fxe5 Bxe5 11. Nc3 Qd6 12. Na4 Bh2+ 13. Kh1 O-O-O 14. Bxf6 gxf6 15. Bxc6 bxc6 16. d4 Rh6 17. Nc5 Rg6 18. Rf2 Bg3 19. Qf5+ Kb8 20. Re2 Rg5 21. Qd3 Ka8 22. Rf1 Bh4 23. Rf4 Bg3 24. Rf5 Bh4 25. Rf4 Bg3 1/2-1/2

[Event "27th Klatovy B 2019"]
[Site "Klatovy CZE"]
[Date "2019.07.05"]
[Round "7.23"]
[White "Juhanak, Daniel"]
[Black "Rezac, Jindrich"]
[Result "0-1"]
[WhiteElo "1555"]
[BlackElo "1787"]
[PlyCount "85"]
[EventDate "2019.06.29"]
[EventType "swiss"]
[EventRounds "9"]
[EventCountry "CZE"]

1. d4 f5 2. Nf3 Nf6 3. g3 g6 4. Bg2 Bg7 5. c4 c6 6. O-O O-O 7. Nc3 d6 8. d5 e5 9. dxe6 Bxe6 10. Qd3 h6 11. Rd1 Na6 12. Bf4 d5 13. cxd5 Nxd5 14. Nxd5 Bxd5 15. Be5 Qe7 16. Qc3 Rfe8 17. Bxg7 Qxg7 18. Qxg7+ Kxg7 19. Rd2 Nc5 20. Rad1 Re7 21. e3 Ne4 22. Rd4 Bxa2 23. Rd7 Rae8 24. Rxe7+ Rxe7 25. Ra1 Bc4 26. Rxa7 Ba6 27. Nd4 c5 28. Nb3 Rd7 29. Bxe4 Rd1+ 30. Kg2 fxe4 31. h4 Rd5 32. Na5 Rd7 33. Nc6 Rc7 34. Na5 Kf6 35. Ra8 c4 36. Re8 Rc5 37. b4 Rc7 38. Rxe4 b6 39. Rf4+ Ke5 40. Nxc4+ Rxc4 41. Rxc4 Bxc4 42. f4+ Ke4 43. Kf2 0-1

[Event "27th Klatovy B 2019"]
[Site "Klatovy CZE"]
[Date "2019.07.05"]
[Round "7.24"]
[White "Beran, Jakub"]
[Black "Chmelik, Ladislav"]
[Result "1/2-1/2"]
[WhiteElo "1539"]
[BlackElo "1771"]
[PlyCount "68"]
[EventDate "2019.06.29"]
[EventType "swiss"]
[EventRounds "9"]
[EventCountry "CZE"]

1. c4 c5 2. Nc3 Nc6 3. g3 g6 4. Bg2 Bg7 5. Nf3 Nf6 6. O-O O-O 7. e3 d5 8. cxd5 Nxd5 9. d4 Nxc3 10. bxc3 cxd4 11. cxd4 Bg4 12. Qb3 Na5 13. Qb4 Qc7 14. Ba3 Nc6 15. Qb2 Rac8 16. Rac1 Qa5 17. Rc5 Qa4 18. Rfc1 Bxf3 19. Bxf3 Nxd4 20. exd4 Bxd4 21. Rxc8 Bxb2 22. Bxb2 Qd7 23. Rxf8+ Kxf8 24. Rd1 Qc7 25. Bxb7 f5 26. Bf3 Qc2 27. Be5 e6 28. Rd7 Qb1+ 29. Kg2 Qxa2 30. Rxh7 g5 31. Rh8+ Ke7 32. Rh7+ Kf8 33. Rh8+ Ke7 34. Rh7+ Kf8 1/2-1/2

[Event "27th Klatovy B 2019"]
[Site "Klatovy CZE"]
[Date "2019.07.05"]
[Round "7.25"]
[White "Schille, Hannes"]
[Black "Malimanek, Marek"]
[Result "1-0"]
[WhiteElo "1740"]
[BlackElo "1408"]
[PlyCount "101"]
[EventDate "2019.06.29"]
[EventType "swiss"]
[EventRounds "9"]
[EventCountry "CZE"]

1. d4 b5 2. Bf4 Bb7 3. e3 Nf6 4. Nf3 b4 5. c3 a5 6. cxb4 axb4 7. Nbd2 e6 8. Qc2 d5 9. Bxc7 Qc8 10. Bb5+ Nbd7 11. O-O Bd6 12. Rfc1 Bxc7 13. Qxc7 O-O 14. Bxd7 Nxd7 15. Qd6 Ra6 16. Qxb4 Qa8 17. Nb3 Rb8 18. Qc3 Bc6 19. Nc5 Rxa2 20. Rxa2 Qxa2 21. Nxd7 Bxd7 22. Ne5 Be8 23. b4 Qa4 24. Nd3 f6 25. h3 Bg6 26. Nc5 Qc6 27. Ra1 h5 28. Ra6 Rb6 29. Qa3 Rxa6 30. Qxa6 Qxa6 31. Nxa6 Kf8 32. Nc5 Bf5 33. b5 Ke7 34. b6 Kd6 35. b7 Kc7 36. f3 e5 37. e4 dxe4 38. fxe4 Bxe4 39. Nxe4 Kxb7 40. dxe5 fxe5 41. Kf2 Kc6 42. Ke3 Kd5 43. Nc3+ Kc4 44. Ne2 Kd5 45. Ng3 g6 46. h4 Ke6 47. Ne4 Kf5 48. Kf3 Ke6 49. Ng5+ Kf5 50. g3 Kf6 51. Ke4 1-0

[Event "27th Klatovy B 2019"]
[Site "Klatovy CZE"]
[Date "2019.07.05"]
[Round "7.26"]
[White "Sefrna, Frantisek"]
[Black "Berkovec, Josef"]
[Result "1-0"]
[WhiteElo "1700"]
[BlackElo "1380"]
[PlyCount "73"]
[EventDate "2019.06.29"]
[EventType "swiss"]
[EventRounds "9"]
[EventCountry "CZE"]

1. e4 c5 2. Nc3 d6 3. g3 Nc6 4. Bg2 Nf6 5. d3 g6 6. Be3 Bg7 7. Nge2 a6 8. h3 O-O 9. O-O Bd7 10. f4 Qc7 11. g4 Rab8 12. Ng3 b5 13. f5 b4 14. Nce2 Ne5 15. Nf4 Qd8 16. Qe2 Bc6 17. Rf2 Bb5 18. b3 a5 19. Raf1 a4 20. g5 Ne8 21. Nd5 f6 22. fxg6 hxg6 23. Nf4 Qd7 24. Nd5 axb3 25. axb3 Qd8 26. Bf3 Bd7 27. Rh2 Nc7 28. h4 Nxd5 29. exd5 f5 30. Bd2 Be8 31. h5 Bh8 32. hxg6 Bxg6 33. Bh5 Qe8 34. Bxg6 Qxg6 35. Rh6 Qe8 36. Nxf5 Rf7 37. Qh5 1-0

[Event "27th Klatovy B 2019"]
[Site "Klatovy CZE"]
[Date "2019.07.05"]
[Round "7.27"]
[White "Svec, Ludek"]
[Black "Valdman, Jakub"]
[Result "1/2-1/2"]
[WhiteElo "1620"]
[BlackElo "1191"]
[PlyCount "68"]
[EventDate "2019.06.29"]
[EventType "swiss"]
[EventRounds "9"]
[EventCountry "CZE"]

1. d4 d5 2. Nf3 Nf6 3. g3 e6 4. Bg2 Bd6 5. c4 c5 6. dxc5 Bxc5 7. O-O O-O 8. Bg5 d4 9. Nbd2 Nc6 10. Nb3 Qe7 11. Nfd2 Bb6 12. Ne4 e5 13. Nbd2 Bf5 14. a3 Qe6 15. Nxf6+ gxf6 16. Bh4 a5 17. Ne4 Bxe4 18. Bxe4 f5 19. Bd5 Qd7 20. Qd2 Bd8 21. Qh6 Bxh4 22. Qxh4 Ne7 23. Qg5+ Kh8 24. Qf6+ Kg8 25. Qxe5 Nxd5 26. Qxd5 Qxd5 27. cxd5 Rfd8 28. Rfc1 Rxd5 29. Rc7 Rb8 30. Rac1 d3 31. exd3 Rxd3 32. Re7 b6 33. Rce1 Rf8 34. R1e2 Rb3 1/2-1/2

[Event "27th Klatovy B 2019"]
[Site "Klatovy CZE"]
[Date "2019.07.05"]
[Round "7.28"]
[White "Langmajerova, Jana"]
[Black "Kubat, Zbynek"]
[Result "1/2-1/2"]
[WhiteElo "1336"]
[BlackElo "1612"]
[PlyCount "55"]
[EventDate "2019.06.29"]
[EventType "swiss"]
[EventRounds "9"]
[EventCountry "CZE"]

1. e4 e5 2. Nf3 d6 3. Nc3 Be6 4. d4 exd4 5. Nxd4 Nc6 6. Nxe6 fxe6 7. Bc4 Qd7 8. O-O Nf6 9. Bb3 a6 10. Bg5 Be7 11. a4 O-O 12. f4 Kh8 13. Bxf6 Bxf6 14. e5 Be7 15. Qd3 d5 16. Rad1 Bc5+ 17. Kh1 Nd4 18. Ne2 Nf5 19. Rf3 Rf7 20. Rh3 g6 21. Ng3 b5 22. Nxf5 gxf5 23. Qc3 Qe7 24. axb5 axb5 25. Qf3 c6 26. c3 Rg7 27. Rg3 Qf7 28. Bc2 1/2-1/2

[Event "27th Klatovy B 2019"]
[Site "Klatovy CZE"]
[Date "2019.07.05"]
[Round "7.29"]
[White "Stanke, Petr"]
[Black "Vnoucek, Pavel"]
[Result "0-1"]
[WhiteElo "1463"]
[BlackElo "1739"]
[PlyCount "66"]
[EventDate "2019.06.29"]
[EventType "swiss"]
[EventRounds "9"]
[EventCountry "CZE"]

1. d4 d5 2. c4 e5 3. dxe5 d4 4. Nf3 Nc6 5. e3 Bb4+ 6. Ke2 Bg4 7. a3 Be7 8. Ke1 Bxf3 9. Qxf3 dxe3 10. Qxe3 Nh6 11. Be2 O-O 12. Nc3 Nd4 13. Qd3 f6 14. Nd5 fxe5 15. Nxe7+ Qxe7 16. f3 Qh4+ 17. g3 Qf6 18. Rf1 Rad8 19. Be3 Ndf5 20. Qe4 Nxe3 21. Qxe3 Nf5 22. Qc3 Nd4 23. Rd1 c5 24. Kf2 e4 25. f4 Qh6 26. h4 e3+ 27. Ke1 Nxe2 28. Qxe3 Nd4 29. Kf2 Rfe8 30. Qd3 Re7 31. Qd2 Rde8 32. Kg1 Re2 33. Qd3 R8e3 0-1

[Event "27th Klatovy B 2019"]
[Site "Klatovy CZE"]
[Date "2019.07.05"]
[Round "7.30"]
[White "Stastny, Simon"]
[Black "Kalista, Karel"]
[Result "1-0"]
[WhiteElo "1474"]
[BlackElo "1736"]
[PlyCount "99"]
[EventDate "2019.06.29"]
[EventType "swiss"]
[EventRounds "9"]
[EventCountry "CZE"]

1. e4 c5 2. Nf3 d6 3. d4 cxd4 4. Nxd4 Nf6 5. Nc3 a6 6. Be3 Ng4 7. Bg5 h6 8. Bh4 g6 9. f3 Ne5 10. Qd2 Bg7 11. Nd5 Nbc6 12. Nxc6 Nxc6 13. O-O-O O-O 14. f4 Bg4 15. Be2 Bxe2 16. Qxe2 Qa5 17. Kb1 Rfe8 18. a3 Rac8 19. Be1 Qb5 20. Qxb5 axb5 21. Bh4 Kf8 22. c3 Na5 23. Nb6 Rc7 24. Rhe1 Nc4 25. Nxc4 bxc4 26. g4 Rc5 27. Bf2 Rc6 28. h4 Rd8 29. Bd4 e6 30. e5 d5 31. Rg1 b5 32. Rd2 Bh8 33. Rdg2 Ke7 34. h5 Rg8 35. g5 gxh5 36. gxh6 Rxg2 37. Rxg2 f6 38. Rg8 fxe5 39. Rxh8 exd4 40. h7 d3 41. Kc1 e5 42. Rg8 Rh6 43. h8=Q Rxh8 44. Rxh8 e4 45. Rxh5 Ke6 46. Kd2 Kd6 47. f5 Ke5 48. f6+ Kf4 49. f7 e3+ 50. Ke1 1-0

[Event "27th Klatovy B 2019"]
[Site "Klatovy CZE"]
[Date "2019.07.05"]
[Round "7.31"]
[White "Novy, Jan"]
[Black "Rychlik, Zdenek"]
[Result "1/2-1/2"]
[WhiteElo "1473"]
[BlackElo "1721"]
[PlyCount "101"]
[EventDate "2019.06.29"]
[EventType "swiss"]
[EventRounds "9"]
[EventCountry "CZE"]

1. e4 c5 2. b3 d6 3. Bb2 Nf6 4. Nc3 e6 5. Nf3 Nc6 6. Bd3 Bd7 7. a3 a6 8. O-O Be7 9. Re1 Qc7 10. Bf1 Rc8 11. Rc1 Qb8 12. d3 b5 13. Ne2 e5 14. h3 O-O 15. Ng3 g6 16. c3 Nd8 17. d4 exd4 18. cxd4 cxd4 19. Qxd4 Ne6 20. Qe3 Rxc1 21. Rxc1 Rc8 22. Rc3 Rxc3 23. Bxc3 Ne8 24. b4 Bf8 25. Bd3 Qc7 26. Bd2 Bg7 27. Bb1 Bc6 28. Qd3 Bb7 29. Ba2 Qe7 30. Ne2 Nf6 31. Ng3 h6 32. Bc1 Nd7 33. Be3 Kh7 34. h4 Ne5 35. Nxe5 dxe5 36. h5 Nf4 37. hxg6+ fxg6 38. Qd2 Qc7 39. Bc5 Bc8 40. Be3 h5 41. Nf1 Be6 42. Bxf4 Bxa2 43. Bxe5 Qxe5 44. Qxa2 Qxe4 45. Qf7 Qd3 46. Qa2 Qc3 47. Ne3 Qc1+ 48. Kh2 h4 49. Qb3 Be5+ 50. Kh3 Bg7 51. Kh2 1/2-1/2

[Event "27th Klatovy B 2019"]
[Site "Klatovy CZE"]
[Date "2019.07.05"]
[Round "7.32"]
[White "Cyron, Karel"]
[Black "Matejicek, Vojtech"]
[Result "1-0"]
[WhiteElo "1720"]
[BlackElo "1472"]
[PlyCount "115"]
[EventDate "2019.06.29"]
[EventType "swiss"]
[EventRounds "9"]
[EventCountry "CZE"]

1. e4 e5 2. Nf3 Nc6 3. Bb5 Nd4 4. Bc4 Nxf3+ 5. Qxf3 Nf6 6. Nc3 c6 7. d3 Be7 8. Qg3 g6 9. Qxe5 O-O 10. O-O d5 11. exd5 Bd6 12. Qg5 cxd5 13. Nxd5 Nxd5 14. Bxd5 Qc7 15. Qh6 Qxc2 16. Bb3 Qc7 17. Bg5 Be5 18. Rac1 Qd7 19. Qh4 Bxb2 20. Rc4 b5 21. Re4 Bb7 22. Re7 Qc6 23. Qe4 Qxe4 24. dxe4 Bc6 25. f3 Bd4+ 26. Kh1 Rae8 27. Rc7 Rc8 28. Bxf7+ Kh8 29. Rxc8 Rxc8 30. Rc1 Bb7 31. Rxc8+ Bxc8 32. f4 Kg7 33. Bd5 Be3 34. g3 h6 35. Be7 Bg4 36. Kg2 a5 37. a3 Be2 38. e5 Bc4 39. Bxc4 bxc4 40. Kf3 Bd4 41. Ke4 Bb2 42. a4 Kf7 43. Bd8 Bc3 44. Kd5 Be1 45. Kxc4 Ke8 46. Bb6 Kd7 47. Kd5 Bb4 48. g4 Bd2 49. f5 gxf5 50. gxf5 Bb4 51. Be3 h5 52. Bg5 Ba3 53. f6 h4 54. Bxh4 Bf8 55. Bg5 Bd6 56. exd6 Kd8 57. f7+ Kd7 58. h4 1-0

[Event "27th Klatovy B 2019"]
[Site "Klatovy CZE"]
[Date "2019.07.05"]
[Round "7.33"]
[White "Spackova, Martina 1992"]
[Black "Simunek, Jakub Simon"]
[Result "0-1"]
[WhiteElo "1688"]
[BlackElo "1457"]
[PlyCount "96"]
[EventDate "2019.06.29"]
[EventType "swiss"]
[EventRounds "9"]
[EventCountry "CZE"]

1. e4 e6 2. d4 d5 3. Nc3 Bb4 4. Bd3 dxe4 5. Bxe4 Nf6 6. Bd3 O-O 7. Bg5 Bxc3+ 8. bxc3 c5 9. dxc5 Nbd7 10. Qf3 Qa5 11. Ne2 Qxc5 12. Be3 Qa5 13. Bd4 e5 14. Be3 Re8 15. Bc4 e4 16. Qg3 Ne5 17. Bb3 Nh5 18. Qh4 Ng6 19. Qg5 Re5 20. Qxe5 Qxe5 21. O-O-O Be6 22. c4 h6 23. g3 Qa1+ 24. Kd2 Rd8+ 25. Bd4 Rxd4+ 26. Nxd4 Qxd4+ 27. Kc1 Qxf2 28. Rd8+ Kh7 29. Rd2 Qf6 30. Kb1 e3 31. Re2 Qf3 32. Rhe1 Qc6 33. Rxe3 Nf6 34. a4 Bxc4 35. Rc3 Ne4 36. Rxe4 Qxe4 37. Rxc4 Qh1+ 38. Ka2 Qxh2 39. g4 Qg2 40. Rd4 Ne5 41. Kb2 Nxg4 42. Bd5 Qg3 43. Be4+ g6 44. Bxb7 h5 45. Bd5 Kg7 46. Rd3 Qe5+ 47. Kb3 Nf2 48. Rd2 Qe3+ 0-1

[Event "27th Klatovy B 2019"]
[Site "Klatovy CZE"]
[Date "2019.07.05"]
[Round "7.34"]
[White "Dolejs, Jakub"]
[Black "Vavrinek, Tomas"]
[Result "1-0"]
[WhiteElo "1434"]
[BlackElo "1686"]
[PlyCount "131"]
[EventDate "2019.06.29"]
[EventType "swiss"]
[EventRounds "9"]
[EventCountry "CZE"]

1. d4 d5 2. c4 e6 3. Nc3 Nf6 4. Bg5 Be7 5. e3 Nbd7 6. Nf3 O-O 7. cxd5 exd5 8. Bd3 h6 9. Bh4 b6 10. O-O Bb7 11. Rc1 a6 12. Qc2 c5 13. Ne5 Nxe5 14. dxe5 Nd7 15. Bxe7 Qxe7 16. f4 f6 17. Rcd1 fxe5 18. Nxd5 Bxd5 19. Bh7+ Kh8 20. Rxd5 exf4 21. Bf5 Qxe3+ 22. Kh1 Nf6 23. Rd6 Rad8 24. Qd1 Qe7 25. Rd3 Rxd3 26. Qxd3 Qe5 27. Bg6 b5 28. Qd2 Ng4 29. Rf3 Qg5 30. Bc2 Rd8 31. Rxf4 Qe7 32. Qc1 Qe3 33. Qf1 Nf6 34. Rxf6 gxf6 35. Qxf6+ Kg8 36. Qxd8+ Kg7 37. Qd7+ Kf8 38. Qf5+ Kg7 39. Qg4+ Kh8 40. Qc8+ Kg7 41. Qc7+ Kf8 42. Qd6+ Kf7 43. Qd1 Ke7 44. Bd3 Qd4 45. Qe2+ Kd8 46. Bg6 Kc7 47. Bh5 Kb6 48. h3 Ka5 49. a3 Qd5 50. Qd1 Qg5 51. b3 Qe7 52. Bf3 Kb6 53. Qd5 Qe1+ 54. Kh2 Qe7 55. a4 Qc7+ 56. Kh1 Qe7 57. Qe4 Qd8 58. Qc6+ Ka5 59. axb5 axb5 60. Qxc5 Qd2 61. b4+ Ka4 62. Bc6 Qe1+ 63. Kh2 Qh4 64. Bxb5+ Ka3 65. Qc3+ Ka2 66. Qc4+ 1-0

[Event "27th Klatovy B 2019"]
[Site "Klatovy CZE"]
[Date "2019.07.05"]
[Round "7.35"]
[White "Roskovec, Bedrich"]
[Black "Cervenka, Jakub"]
[Result "1-0"]
[WhiteElo "1597"]
[BlackElo "1396"]
[PlyCount "37"]
[EventDate "2019.06.29"]
[EventType "swiss"]
[EventRounds "9"]
[EventCountry "CZE"]

1. e4 e5 2. Nf3 Nf6 3. Nc3 Bb4 4. d3 Bxc3+ 5. bxc3 Nc6 6. Ba3 d6 7. Be2 O-O 8. O-O Re8 9. c4 Nd4 10. Nxd4 exd4 11. f4 Bd7 12. Rb1 Qc8 13. f5 g6 14. fxg6 Re6 15. gxf7+ Kf8 16. e5 Rxe5 17. Rxf6 Qd8 18. Rf2 Qg5 19. Bc1 1-0